000 00313nam a2200145Ia 4500
100 _aSharp Corpation
650 _aElectrical Engineering
942 _cBK
654 _aSharp Service Manual
245 _aSharp Service Manual
260 _bnone
_aJapan
082 _a621.3
300 _a73
546 _aENGLISH
999 _c29791
_d29791